00533nam a2200193 a 4500001001300000003000900013005001700022008004100039020000800080082001500088100001900103245008100122260002300203300000900226500003500235505001700270650003300287700001900320nice12345678IN_TiNIC20260116011844.0050524s1955 lona grp 000 0 eng  ac000a268.6bCAL aCollins, Freda aPut on the Armour of Lightb Dramatic Scenes from Early English Church Hist. aLondonbSpckc1955 a267p aincludes index and biblioraphy2 abibliography aDrama in Christian Education1 aCollins, Freda